| 000 | 00550nam a22001577a 4500 | ||
|---|---|---|---|
| 003 | NUST | ||
| 038 | _aNusrat Nadeem | ||
| 082 | _a200 | ||
| 100 |
_aHasnain, Raja _9129363 |
||
| 245 |
_aPredictive Analysis of Plastic Road Construction on Urban Air Quality and Waste Management Amid Climate Change/ _cRaja Hasnain, |
||
| 264 |
_aIslamabad: _bSEECS NUST. _c2025. |
||
| 650 |
_aMS-Artificial Intelligence _9124951 |
||
| 700 |
_aSupervisor: Dr. Rafia Mumtaz _996700 |
||
| 856 | _uhttp://10.250.8.41:8080/xmlui/handle/123456789/53522 | ||
| 942 |
_2ddc _cSC |
||
| 999 |
_c614681 _d614681 |
||